Powiaty na krańcach województw - Statystyki

Ogólne statystyki
  • Ten quiz został rozwiązany 1 218 razy
    1 152 od ostatniego zresetowania
  • Średni wynik to 29 z 68
Statystyki odpowiedzi
Hint Odpowiedź % Poprawnych
małopolskie tatrzański
68%
podkarpackie bieszczadzki
67%
Polska bieszczadzki
67%
pomorskie pucki
66%
Polska pucki
66%
dolnośląskie kłodzki
64%
podlaskie suwalski
64%
dolnośląskie zgorzelecki
63%
lubelskie hrubieszowski
59%
Polska hrubieszowski
59%
śląskie żywiecki
56%
pomorskie słupski
52%
opolskie nyski
50%
małopolskie oświęcimski
50%
lubelskie bialski
49%
podlaskie hajnowski
49%
świętokrzyskie sandomierski
47%
łódzkie kutnowski
46%
kujawsko-pomorskie włocławski
45%
lubuskie żarski
45%
małopolskie gorlicki
44%
lubuskie słubicki
44%
warmińsko-mazurskie gołdapski
43%
zachodniopomorskie gryfiński
43%
Polska gryfiński
43%
pomorskie nowodworski
43%
wielkopolskie złotowski
43%
wielkopolskie kolski
42%
małopolskie miechowski
42%
kujawsko-pomorskie tucholski
42%
opolskie kluczborski
41%
podkarpackie mielecki
41%
dolnośląskie oleśnicki
41%
mazowieckie ostrołęcki
41%
łódzkie radomszczański
41%
podkarpackie stalowowolski
41%
lubelskie tomaszowski
41%
opolskie głubczycki
40%
warmińsko-mazurskie iławski
40%
śląskie kłobucki
40%
mazowieckie łosicki
40%
śląskie raciborski
40%
warmińsko-mazurskie braniewski
38%
lubuskie wschowski
38%
pomorskie człuchowski
37%
wielkopolskie kępiński
37%
zachodniopomorskie sławieński
37%
świętokrzyskie kazimierski
36%
świętokrzyskie konecki
36%
podkarpackie lubaczowski
36%
łódzkie rawski
36%
podlaskie siemiatycki
36%
warmińsko-mazurskie działdowski
35%
lubelskie rycki
35%
łódzkie wieruszowski
35%
świętokrzyskie włoszczowski
35%
kujawsko-pomorskie brodnicki
34%
dolnośląskie górowski
34%
lubuskie strzelecko-drezdenecki
34%
mazowieckie gostyniński
33%
mazowieckie lipski
33%
zachodniopomorskie myśliborski
33%
zachodniopomorskie szczecinecki
33%
śląskie zawierciański
33%
opolskie oleski
32%
kujawsko-pomorskie sępoleński
31%
podlaskie kolneński
29%
wielkopolskie międzychodzki
29%
Nie znaleziono quizów pasujących do podanych kryteriów
Rozkład punktacji
Procent ludzi z każdym wynikiem
Percentyl według liczby udzielonych odpowiedzi
Twoja historia wyników
Nie rozwiązałeś tego quizu od ostatniego zresetowania